Statistics for Countries Bordering Disappeared Ones

Click here to take the quiz!

General Stats

  • This quiz has been taken 194 times
    (184 since last reset)
  • The average score is 20 of 22

Answers on the Map

Answers color-coded by a green-red scale on the quiz's map according to % correct below.
 

Answer Stats

Answer% Correct
Colombia
96%
Colombia
96%
Morocco
96%
Bolivia
95%
Brazil
95%
Democratic Republic of the Congo
95%
France
95%
Mali
95%
Portugal
95%
Zambia
95%
Chile
94%
Ecuador
94%
Namibia
94%
Senegal
94%
Costa Rica
92%
Algeria
90%
Laos
90%
Myanmar
89%
Republic of the Congo
89%
Cambodia
88%
Andorra
85%
Malaysia
80%

Score Distribution

Percentile by Number Answered

Percent of People with Each Score

Your Score History

You have not taken this quiz since the last reset